Z jakiego filmu pochodzi ten cytat? - Statystyki

Ogólne statystyki
  • Ten quiz został rozwiązany 98 razy
  • Średni wynik to 6 z 17
Statystyki odpowiedzi
Cytat Tytuł filmu % Poprawnych
„Niech Moc będzie z tobą.” Gwiezdne wojny
93%
„Hakuna Matata” Król Lew
88%
„Życie jest jak pudełko czekoladek – nigdy nie wiesz na co trafisz.” Forrest Gump
71%
"Hasta la vista, baby." Terminator
56%
„Ciemność, widzę ciemność, ciemność widzę!” Seksmisja
51%
„Houston, mamy problem!” Apollo 13
50%
"Zamierzam złożyć mu propozycję nie do odrzucenia." Ojciec chrzestny
43%
"Robiący spis ludności raz chciał mnie przepytać. Zjadłem jego wątrobę z fasolką i wybornym chianti" Milczenie owiec
36%
„Jestem panem świata!” Titanic
35%
„Ja rozumiem, że wam jest zimno, ale jak jest zima, to musi być zimno!” Miś
28%
"Zabieraj swe śmierdzące pazury ze mnie, ty cholerna, brudna małpo!" Planeta Małp
19%
"Toto, mam wrażenie, że nie jesteśmy już w Kansas." Czarnoksiężnik z Oz
10%
"Czuję potrzebę. Potrzebę szybkości." Top Gun
6%
„Przebyłem oceany czasu, aby Cię znaleźć” Dracula
4%
„Zawsze gdzieś dojdziesz, jeśli idziesz wystarczająco długo” Alicja w Krainie Czarów
3%
„Artyści wykorzystują kłamstwa, by mówić prawdę, podczas gdy politycy używają ich, by ukryć prawdę” V jak Vendetta
1%
„Mówisz, że chcesz umrzeć z miłości, ale nic nie wiesz o umieraniu i nic nie wiesz o miłości!” Troja
0%
Nie znaleziono quizów pasujących do podanych kryteriów
Rozkład punktacji
Procent ludzi z każdym wynikiem
Percentyl według liczby udzielonych odpowiedzi
Twoja historia wyników
Nie rozwiązałeś tego quizu